[Event "I Torneo Masters Temático 2015"]
[Site "Madrid"]
[Date "2015.05.09"]
[Round "6.3"]
[White "Espinosa Aranda, Angel"]
[Black "Ibarra Jerez, Jose Carlos"]
[Result "1/2-1/2"]
[WhiteElo "2419"]
[BlackElo "2553"]
[PlyCount "70"]
[EventDate "2015.05.09"]
[EventType "tourn (rapid)"]
[EventRounds "7"]
[EventCountry "ESP"]
[EventCategory "13"]
[Source "lmi"]
[SourceDate "2015.05.09"]

1. e4 e5 2. Nf3 Nc6 3. Bb5 a6 4. Ba4 Nf6 5. O-O b5 6. Bb3 Be7 7. Re1 d6 8. c3
O-O 9. d4 Bg4 10. Be3 exd4 11. cxd4 Na5 12. Bc2 Nc4 13. Bc1 c5 14. b3 Na5 15.
Nbd2 Nc6 16. h3 Bh5 17. Bb2 Nxd4 18. Bxd4 cxd4 19. g4 Bg6 20. Nxd4 Qb6 21. Nf5
Rfe8 22. Nf1 Bf8 23. N1g3 h6 24. Qd4 Qxd4 25. Nxd4 Rac8 26. Rac1 d5 27. e5 Ne4
28. Bxe4 Rxc1 29. Rxc1 dxe4 30. e6 b4 31. Rc6 Rd8 32. Ngf5 Bxf5 33. Nxf5 fxe6
34. Rxe6 Rd1+ 35. Kg2 Rd2 1/2-1/2

[Event "I Torneo Masters Temático 2015"]
[Site "Madrid"]
[Date "2015.05.09"]
[Round "6.4"]
[White "Salgado Lopez, Ivan"]
[Black "Matnadze, Ana"]
[Result "1-0"]
[WhiteElo "2655"]
[BlackElo "2436"]
[PlyCount "95"]
[EventDate "2015.05.09"]
[EventType "tourn (rapid)"]
[EventRounds "7"]
[EventCountry "ESP"]
[EventCategory "13"]
[Source "lmi"]
[SourceDate "2015.05.09"]

1. e4 e5 2. Nf3 d6 3. d4 exd4 4. Nxd4 Nc6 5. Nc3 g6 6. Nxc6 bxc6 7. Qd4 Qf6 8.
Be3 Bg7 9. O-O-O Qxd4 10. Bxd4 Bxd4 11. Rxd4 Ne7 12. Bc4 Be6 13. Bxe6 fxe6 14.
e5 O-O-O 15. Ne4 dxe5 16. Rxd8+ Rxd8 17. Re1 Rf8 18. c3 Nd5 19. g3 Kd7 20. Kd2
Nf6 21. Nxf6+ Rxf6 22. Ke3 g5 23. f3 Ke7 24. b3 h5 25. h3 Rh6 26. Kf2 Kd6 27.
Re4 Rh8 28. Ra4 Rf8 29. Ke3 Rf5 30. Rxa7 e4 31. Kxe4 h4 32. gxh4 Rf4+ 33. Ke3
Rxh4 34. Ra4 Rxh3 35. Rg4 Rh2 36. a4 Rc2 37. Kd4 Rf2 38. Rg3 Rf1 39. Kc4 e5 40.
b4 Rf2 41. a5 Rf1 42. Rh3 e4 43. fxe4 Ke5 44. Rh8 Re1 45. Rg8 Kf4 46. e5 g4 47.
a6 Ra1 48. e6 1-0

[Event "I Torneo Masters Temático 2015"]
[Site "Madrid"]
[Date "2015.05.09"]
[Round "7.1"]
[White "Matnadze, Ana"]
[Black "Illescas Cordoba, Miguel"]
[Result "0-1"]
[WhiteElo "2436"]
[BlackElo "2588"]
[PlyCount "114"]
[EventDate "2015.05.09"]
[EventType "tourn (rapid)"]
[EventRounds "7"]
[EventCountry "ESP"]
[EventCategory "13"]
[Source "lmi"]
[SourceDate "2015.05.09"]

1. d4 d5 2. Nf3 Nf6 3. c4 c6 4. Qb3 dxc4 5. Qxc4 Bf5 6. Nc3 Nbd7 7. g3 e6 8.
Bg2 Be7 9. O-O O-O 10. Bg5 h6 11. Bxf6 Bxf6 12. e4 Bg4 13. Rad1 Qa5 14. h3 Bxf3
15. Bxf3 Nb6 16. Qb3 Rad8 17. Ne2 Qa4 18. Qxa4 Nxa4 19. b3 Nb6 20. e5 Be7 21.
Rc1 Rd7 22. Be4 Rfd8 23. f4 Nd5 24. Kf2 Nb4 25. a3 Na6 26. b4 Nc7 27. Bd3 Ra8
28. Rb1 Nd5 29. Rfc1 a6 30. h4 Bd8 31. Be4 Ne7 32. Ke3 Bb6 33. Rc4 Rad8 34. g4
Ba7 35. Rc5 g6 36. a4 Bxc5 37. bxc5 a5 38. Rb2 Kg7 39. Rb1 Ng8 40. f5 exf5 41.
gxf5 gxf5 42. Bxf5 Rc7 43. Nf4 Ne7 44. Be4 Rcd7 45. Rd1 Ng8 46. Rg1+ Kf8 47. e6
Rxd4 48. exf7 Kxf7 49. Bg6+ Kf6 50. Nh5+ Ke5 51. Rf1 Ne7 52. Bc2 Rxh4 53. Ng3
Rc4 54. Bb1 Nd5+ 55. Kd2 Nf4+ 56. Ke3 Rc3+ 57. Kf2 Rd2+ 0-1

[Event "I Torneo Masters Temático 2015"]
[Site "Madrid"]
[Date "2015.05.09"]
[Round "7.2"]
[White "Ibarra Jerez, Jose Carlos"]
[Black "Salgado Lopez, Ivan"]
[Result "0-1"]
[WhiteElo "2553"]
[BlackElo "2655"]
[PlyCount "132"]
[EventDate "2015.05.09"]
[EventType "tourn (rapid)"]
[EventRounds "7"]
[EventCountry "ESP"]
[EventCategory "13"]
[Source "lmi"]
[SourceDate "2015.05.09"]

1. d4 d5 2. c4 c6 3. Nf3 Nf6 4. Qb3 dxc4 5. Qxc4 Bf5 6. Nc3 e6 7. g3 Be7 8. Bg2
O-O 9. O-O Nbd7 10. Bg5 h6 11. Bxf6 Bxf6 12. h3 Qb6 13. e4 Bg6 14. Rfd1 Rfd8
15. Rd2 Rac8 16. Rad1 a6 17. Kh2 Qa7 18. Qe2 Qb8 19. Kg1 b5 20. Qe3 Qb6 21. Nh2
e5 22. Ng4 Be7 23. dxe5 Qxe3 24. Nxe3 Nxe5 25. Kf1 Rxd2 26. Rxd2 Bc5 27. Ncd1
f6 28. f4 Nf7 29. Ke2 Nd6 30. Rc2 Bb6 31. Nf2 a5 32. b3 b4 33. Rd2 Nb5 34. Nc4
Nc3+ 35. Kf3 Bc7 36. Bf1 Bh5+ 37. g4 Bf7 38. Nd3 Rd8 39. Ke3 g5 40. Rc2 Bxc4
41. bxc4 gxf4+ 42. Nxf4 Rd1 43. Be2 Rc1 44. Rd2 Bb6+ 45. Kf3 Nxe2 46. Kxe2 Rxc4
47. Rd7 Rxe4+ 48. Kf3 Re3+ 49. Kg2 a4 50. Nh5 Re6 51. Rb7 c5 52. Ng7 Re2+ 53.
Kf3 Rxa2 54. Nh5 Bd8 55. Rd7 Kf8 56. Rxd8+ Ke7 57. Rb8 Rh2 58. Ke4 a3 59. Nf4
a2 60. Ra8 b3 61. Nd5+ Kd7 62. Ra7+ Kc6 63. Ne7+ Kb5 64. Nd5 Rxh3 65. Rb7+ Ka6
66. Rb8 Ka7 0-1

[Event "I Torneo Masters Temático 2015"]
[Site "Madrid"]
[Date "2015.05.09"]
[Round "7.3"]
[White "Vallejo Pons, Francisco"]
[Black "Espinosa Aranda, Angel"]
[Result "1-0"]
[WhiteElo "2689"]
[BlackElo "2419"]
[PlyCount "65"]
[EventDate "2015.05.09"]
[EventType "tourn (rapid)"]
[EventRounds "7"]
[EventCountry "ESP"]
[EventCategory "13"]
[Source "lmi"]
[SourceDate "2015.05.09"]

1. d4 d5 2. c4 e6 3. Nc3 Nf6 4. Bg5 Be7 5. e3 O-O 6. Nf3 h6 7. Bxf6 Bxf6 8. Qd2
c6 9. h4 g6 10. g4 Bg7 11. Ne5 Nd7 12. f4 c5 13. cxd5 cxd4 14. exd4 exd5 15. g5
f6 16. gxh6 Bxh6 17. Nxg6 Qe8+ 18. Kf2 Qxg6 19. Rg1 Bg5 20. hxg5 fxg5 21. Bd3
Qh5 22. Rxg5+ Qxg5 23. Rg1 Qxg1+ 24. Kxg1 Nf6 25. Nxd5 Bh3 26. f5 Nxd5 27. Qg5+
Kh8 28. Qh4+ Kg7 29. Qg3+ Kf7 30. Qg6+ Ke7 31. Qe6+ Kd8 32. Qd6+ Ke8 33. Bb5+
1-0

[Event "I Torneo Masters Temático 2015"]
[Site "Madrid"]
[Date "2015.05.09"]
[Round "7.4"]
[White "Forcen Esteban, Daniel"]
[Black "Anton Guijarro, David"]
[Result "1-0"]
[WhiteElo "2503"]
[BlackElo "2611"]
[PlyCount "101"]
[EventDate "2015.05.09"]
[EventType "tourn (rapid)"]
[EventRounds "7"]
[EventCountry "ESP"]
[EventCategory "13"]
[Source "lmi"]
[SourceDate "2015.05.09"]

1. d4 Nf6 2. c4 e6 3. Nf3 b6 4. Nc3 Bb7 5. Qc2 Bb4 6. a3 Bxc3+ 7. Qxc3 d6 8.
Bg5 Nbd7 9. Nd2 c5 10. dxc5 Nxc5 11. b4 Ncd7 12. Qd4 Qe7 13. e4 O-O 14. Be2
Rfd8 15. O-O e5 16. Qd3 Nf8 17. Rfd1 Ne6 18. Be3 b5 19. Bf3 bxc4 20. Nxc4 d5
21. exd5 Nxd5 22. Nxe5 Qf6 23. Ng4 Qe7 24. Qb3 Nxe3 25. Qxe3 Bxf3 26. Qxf3 Rac8
27. Qe3 Qb7 28. Ne5 h6 29. h3 a6 30. Nf3 Rd5 31. Rxd5 Qxd5 32. Rc1 Re8 33. Qe2
Ra8 34. Rd1 Qf5 35. Qd3 Qf6 36. Qe4 Ra7 37. Ne5 h5 38. Nc6 Rc7 39. a4 g6 40. b5
axb5 41. axb5 Qb2 42. Rb1 Qa2 43. b6 Rb7 44. Nb4 Qa8 45. Nd5 Qb8 46. Rc1 Kg7
47. Qe3 Qd6 48. Qc3+ Kh7 49. Nf6+ Kh6 50. Qe3+ g5 51. Qe4 1-0